Moments method in applied mathematics /

Guardado en:
Autor Principal: Vorobyev, U. V.
Formato: Libro
Idioma:English
Russian
Publicado: Delhi : New York : Hindustan Publishing Corpn. ; Gordon & Breach, c1962.
Series:International monographs on advanced mathematics and physics
Etiquetas: Agregar Etiqueta
Sin Etiquetas, Sea el primero en etiquetar este registro!
LEADER 00652nam a22001935a 4500
001 MAT.inmabb001160
008 031120s1962####ii############000#0#eng#d
005 20170811153339.0
245 1 0 |a Moments method in applied mathematics /  |c U. V. Vorobyev. 
260 |a Delhi :  |b Hindustan Publishing Corpn. ;  |a New York :  |b Gordon & Breach,  |c c1962. 
300 |a viii, 200 p. ;  |c 22 cm. 
440 0 |a International monographs on advanced mathematics and physics 
500 |a Translated from Russian. 
510 4 |a MR,  |c 32 #1872 
100 1 |a Vorobyev, U. V. 
084 |a 65-XX  |2 msc2000 
041 1 |a eng  |h rus 
044 |a ii  |a nyu 
859 |h 65  |i V954  |p A-1175  |b BIB. MATEMATICA